000
00269nam a2200121Ia 4500
008
190723s9999 xx 000 0 und d
100
_a
Rita Mulcahy
245
0
_a
PMP Exam Prep
250
_a
7nth
260
_a
India
_b
Diethelm PMP
_c
2016
300
_a
540:p
942
_c
BK
999
_c
2027
_d
2027